Statystyki dla Państwa i stolice według emoji flag

Kliknij tutaj aby rozwiązać quiz!

Ogólne statystyki

  • Ten quiz został rozwiązany 31 501 razy
  • Średni wynik to 22 z 28

Statystyki odpowiedzi

FlagaTypOdpowiedź% Poprawnych
PaństwoFrancja
99%
PaństwoPolska
99%
PaństwoStany Zjednoczone
98%
PaństwoArgentyna
97%
PaństwoHiszpania
97%
StolicaParyż
97%
StolicaWarszawa
97%
PaństwoKanada
95%
PaństwoIrlandia
93%
PaństwoChorwacja
91%
StolicaMadryt
90%
PaństwoDania
89%
PaństwoBułgaria
85%
StolicaWaszyngton
85%
StolicaDublin
79%
PaństwoMaroko
78%
StolicaKopenhaga
76%
StolicaZagrzeb
72%
PaństwoKenia
71%
PaństwoWietnam
71%
StolicaSofia
68%
StolicaBuenos Aires
67%
StolicaOttawa
65%
PaństwoMalezja
63%
StolicaRabat
38%
StolicaNairobi
34%
StolicaHanoi
30%
StolicaKuala Lumpur
29%

Rozkład punktacji

Percentyl według liczby udzielonych odpowiedzi

Procent ludzi z każdym wynikiem

Twoja historia wyników

Nie rozwiązałeś tego quizu